000 00267nam a22001097a 4500
082 _a341.23
_bUNP
100 _aUNITED NATION PUBLICATION
245 _aEVERYMANS UNITED NATION
260 _aNEW YORK
_bUNITED NATION PUBLICATION
_c1956
300 _a444
942 _2ddc
_cBK
999 _c33367
_d33367